00301nam a22000977a 4500008004100000082001600041245005300057260006400110300001200174440001700186230619b xxu||||| |||| 00| 0 eng d a305.67bWER aThe Underprivileged in Society: Studies on Kenya aNairobi,KenyabFaculty of Arts, University of Nairobic1983 aVI,218p v13x02510405